000 00665nam a2200181Ia 4500
008 090124s9999 xx 000 0 und d
082 _b112407
100 _aनांगरे बलराम ( पाठक गंगाधर रामचंद्र )
245 _a फुलवंती
250 _a1
260 _c1968
300 _a96
600 _aनांगरे बलराम ( पाठक गंगाधर रामचंद्र )
630 _a फुलवंती
700 _aनांगरे बलराम ( पाठक गंगाधर रामचंद्र )
730 _a फुलवंती
942 _cBOOK
999 _c158498
_d158498